Statistiques concernant Les méchants de disney

Cliquez ici pour prendre le quiz!

Statistiques générales

  • Ce quiz a été pris 1 044 fois
  • Le résultat moyen est 13 sur 25

Statistiques - réponses

HintRéponse% Correct
Les 101 dalmatiensCruella
97%
AladdinJafar
97%
Le roi LionScar
96%
Peter PanCapitaine Crochet
91%
La belle au bois dormantMaléfique
83%
La petite sirèneUrsula
83%
La Belle et la BêteGaston
82%
HerculeHadès
81%
La reine des neigesHans
77%
Alice au pays des merveillesLa reine de coeur
69%
RaiponceMère Gothel
57%
Le livre de la jungleShere Khan
49%
La princesse et la grenouilleDocteur Facilier
48%
KuzcoYzma
47%
Le bossu de Notre DameClaude Frollo
39%
Toy storySid
38%
TarzanClayton
36%
CendrillonLady Tremaine
33%
MulanShan-yu
32%
Montre & cieLéon
29%
Basile, detective privéRatigan
26%
VaianaTe ka
21%
RatatouilleSlinner
5%
Lilo & StitchCapitaine Gantu
3%
La ferme se rebelleAbner
1%

Distribution des résultats

Percentile par nombre de réponses

% des personnes avec chaque résultat

Votre développement - résultats

Vous n’avez pas pris ce quiz